|
|
|
|
| LEADER |
00000nab a2200000 ar4500 |
| 001 |
vtls008775415 |
| 003 |
SK-MaSNL |
| 005 |
20260303062558.0 |
| 008 |
060622c2005 xo wr|n|||||||000 b|slo |
| 015 |
|
|
|a SLLK2005
|2 sllk
|
| 038 |
|
|
|a SLLK
|
| 040 |
|
|
|a SLLK
|b slo
|c sllk
|e AACR2
|
| 041 |
0 |
|
|a slo
|
| 044 |
|
|
|a xo
|c SK
|
| 080 |
|
|
|a 332.871.3
|2 1997
|
| 245 |
0 |
0 |
|a 78% neplatí viac ako je normálne
|b rozhovor s riaditeľom Slobyermu Jánom Orlovským
|c Text a foto (hm)
|
| 246 |
3 |
|
|a Sedemdesiatosem percent neplatí viac ako je normálne
|
| 610 |
2 |
7 |
|a Slobyterm (Stará Ľubovňa, Slovensko)
|2 snkbucl
|9 1022688
|
| 650 |
0 |
7 |
|a bývanie
|x dodávky tepla
|x náklady
|2 snkbucl
|9 1057927
|
| 651 |
|
7 |
|a Stará Ľubovňa (Slovensko)
|2 snkbucl
|9 19193
|
| 700 |
1 |
|
|a Orlovský, Ján
|4 ive
|4 aut
|9 469175
|
| 773 |
0 |
|
|t Ľubovnianske noviny
|g Roč. XXXI, č. 28 (2005) s. 2
|
| 852 |
|
|
|a SLLK
|b KIS3GCP
|
| 999 |
|
|
|c 1739773
|d 1741703
|